ERP rendszer bevezetése során felmerülő adatmigrációs feladatok, ezekkel kapcsolatos problémák és megoldásaik

Bibliographic Details
Main Author: Göndöcz Tamás
Other Authors: Siklósi Dr. Ágnes
Format: Thesis
Kulcsszavak:ERP (Enterprise Resource Planning)
adatmigráció
vállalatirányítás
Online Access:http://dolgozattar.uni-bge.hu/14439

MARC

LEADER 00000nta a2200000 i 4500
001 dolg14439
005 20171218135240.0
008 171218suuuu hu om 000 hun d
040 |a BGE Dolgozattár Repozitórium  |b hun 
041 |a hu 
100 1 |a Göndöcz Tamás 
245 1 0 |a ERP rendszer bevezetése során felmerülő adatmigrációs feladatok, ezekkel kapcsolatos problémák és megoldásaik  |c Göndöcz Tamás  |h [elektronikus dokumentum] 
695 |a ERP (Enterprise Resource Planning) 
695 |a adatmigráció 
695 |a vállalatirányítás 
700 1 |a Siklósi Dr. Ágnes  |e ths 
856 4 0 |u http://dolgozattar.uni-bge.hu/14439/1/G%C3%B6nd%C3%B6cz%20Tam%C3%A1s%20-%20szakdolgozat%20-%20nyilatkozattal%202.pdf  |z Dokumentum-elérés 
856 4 0 |u http://dolgozattar.uni-bge.hu/14439/7/Mell%C3%A9kletek.pdf  |z Dokumentum-elérés